Vista normal
Vista MARC
Entrada Materia (personas)
Número de registros utilizados en: 2
001 - CONTROL NUMBER
- control field: 125393
003 - CONTROL NUMBER IDENTIFIER
- control field: Co-BoUCM
005 - DATE AND TIME OF LATEST TRANSACTION
- control field: 20211020095345.0
008 - FIXED-LENGTH DATA ELEMENTS
- fixed length control field: 211020|| aca||aabn | a|a d
040 ## - CATALOGING SOURCE
- Original cataloging agency: Co-BoUCM
- Transcribing agency: Co-BoUCM
100 ## - HEADING--PERSONAL NAME
- Personal name: Enriquez Brito, Javier
670 ## - SOURCE DATA FOUND
- Source citation: Work cat.: (Co-BoUCM)33863: Argyris, Chris 78823, La asesoría deficiente y la trampa en que caen los administradores Como pueden saber los Directivo cuando reciben buenos consejos y cuando no, 2001